00233nam a2200109Ia 4500003000400000005001700004008004100021020001500062040000900077100001100086245002600097OSt20240328104740.0170523s9999 xx 000 0 und d a0198853432 cIIMT aOxford 0aText book of Medicine